000 01447nam0a2200373 4500
001 RU\NLR\BIBL_A\012787643
005 20220714151557.0
010 _a978-5-04-155398-2
_92000
021 _aRU
_bАЛ-П-22-00219и
_9АЛ-П-22-0045
035 _a(NLR Aleph) 012787643
090 _a13143112
_c13143112
100 _a20220516d2021 u y0rusy50 ca
101 0 _arus
102 _aRU
105 _aa t 000ay
181 0 _ab2
_bab2e
181 0 _ai1
_bab2e
182 1 _an
200 1 _aШапочка
_e[комикс]
_fДенис Оптимисстер, Юлия Варасаби
203 _aИзображение
_aТекст
_bвизуальные
_cнепосредственные
210 _aМосква
_cЭксмо
_d2021
215 _a[208] с.
_cил., цв. ил.
_d21
300 _aПеред вып. дан. авт.: Денис "Оптимисстер" Колмыков, Юлия "Варасаби" Казанина
300 _aОписано по обл.
333 _a18+
686 0 _aЩ153(2Р=Рус)8-475
686 2 _aШ6(2=Р)8-499(Оптимисстер)
700 1 _7ca
_8rus
_aОптимисстер
_bД.
_gДенис
_9211697
_3RU\NLR\AUTH\770211753
701 1 _7ca
_8rus
_aВарасаби
_bЮ.
_gЮлия
_9211698
_3RU\NLR\AUTH\770211754
942 _cBOOK
980 _aNB